| 000 | 00631cam a22001935a 4500 | ||
|---|---|---|---|
| 001 | L142371 | ||
| 008 | 080211s1979 xxka f 000 0deng d | ||
| 035 | _a(Sirsi) u142371 | ||
| 041 | 0 | _aeng | |
| 050 | 0 | 4 | _a920 $2 18 |
| 110 | 2 |
_aSt. John Smith and Son _95505 |
|
| 245 | 0 | 3 |
_aAn outline of the history of St. John Smith & Son _bchartered surveyors in Sussex for one hundred years |
| 260 |
_a[Sussex] _bSt. John Smith & Son _c[1979] |
||
| 300 |
_a1v. _bill. _c21cm. |
||
| 520 | _aSets out a history of the firm from 1879-1979. | ||
| 651 | 4 |
_aSussex _y1888- |
|
| 690 | _aABOUT RICS-RICS MEMBERS-CHARTERED SURVEYORS | ||
| 942 | _n0 | ||
| 999 |
_c107869 _d107869 |
||